000 00618nam a2200241Ia 4500
003 OSt
005 20220924132825.0
006 a|||||r|||| 00| 0
007 ta
008 220923b |||||||| |||| 00| 0 urd d
024 _a251322
037 _cTextual
040 _aARTS
_cARTS
_burd
041 _2urd
_aurd
082 _aO168vL, N8;P2.1-.3
100 _aJabin Sayeda Jafar
_9205102
245 0 _aTarikh e adab urdu
260 _c1998
490 _vVol. 3
650 _aURDU LITERATURE
942 _hO168vL, N8;P2.1-.3
_cTEXL
_2CC
999 _c431709
_d431709